000
00298nam a22001337a 4500
999
_c
534292
_d
534292
020
_a
9695037135
040
_c
MSOHAIL
082
_a
891.439301
100
_a
Masud Mufti
_9
28445
245
_a
Saalgirah /سالگرہ
260
_a
Lahore
_b
Feroz Sons
_c
c2008
300
_a
183;p
942
_2
ddc
_c
BK